<?xml version="1.0" encoding="UTF-8"?>
<collection xmlns:xsi="http://www.w3.org/2001/XMLSchema-instance" xsi:schemaLocation="http://www.loc.gov/MARC21/slim http://www.loc.gov/standards/marcxml/schema/MARC21slim.xsd" xmlns="http://www.loc.gov/MARC21/slim">
 <record>
  <leader>00000cam a22000001i 4500</leader>
  <controlfield tag="001">UP-99796217612036235</controlfield>
  <controlfield tag="003">Buklod</controlfield>
  <controlfield tag="005">20160429153433.0</controlfield>
  <controlfield tag="006">a     r    |||| u|</controlfield>
  <controlfield tag="007">ta</controlfield>
  <controlfield tag="008">850329m19651967nyum    r    a000 0|eng d</controlfield>
  <datafield tag="035" ind1=" " ind2=" ">
   <subfield code="a">(iLib)UPD-00254216506</subfield>
  </datafield>
  <datafield tag="040" ind1=" " ind2=" ">
   <subfield code="a">DLC/ICU</subfield>
   <subfield code="c">CGU</subfield>
   <subfield code="d">MUQ</subfield>
   <subfield code="d">NLGGC</subfield>
   <subfield code="d">OCLCG</subfield>
   <subfield code="d">STF</subfield>
   <subfield code="d">ZWZ</subfield>
   <subfield code="d">UKMGB</subfield>
  </datafield>
  <datafield tag="082" ind1="0" ind2=" ">
   <subfield code="a">563.1</subfield>
  </datafield>
  <datafield tag="090" ind1=" " ind2=" ">
   <subfield code="a">QE772</subfield>
   <subfield code="b">E44</subfield>
  </datafield>
  <datafield tag="100" ind1="1" ind2=" ">
   <subfield code="a">Ellis, Brooks Fleming</subfield>
   <subfield code="d">1897-1976.</subfield>
  </datafield>
  <datafield tag="245" ind1="1" ind2="0">
   <subfield code="a">Catalogue of index Foraminifera</subfield>
   <subfield code="c">by Brooks F. Ellis and Angelina R. Messina. Special publication.</subfield>
  </datafield>
  <datafield tag="264" ind1=" " ind2="1">
   <subfield code="a">New York</subfield>
   <subfield code="b">American Museum of Natural History</subfield>
   <subfield code="c">1965-67.</subfield>
  </datafield>
  <datafield tag="300" ind1=" " ind2=" ">
   <subfield code="a">3 v.</subfield>
   <subfield code="b">illus.</subfield>
   <subfield code="c">29 cm.</subfield>
  </datafield>
  <datafield tag="500" ind1=" " ind2=" ">
   <subfield code="a">&quot;Published by the Department of Micropaleontology as a report on National Science Foundation grant no. G-18706.&quot;</subfield>
  </datafield>
  <datafield tag="505" ind1="0" ind2=" ">
   <subfield code="a">vol.1: Lepidocyclinids and miogypsinids- vol.2: Nummulites- vol.3: Discocyclinids.</subfield>
  </datafield>
  <datafield tag="650" ind1=" " ind2="0">
   <subfield code="a">Foraminifera, Fossil.</subfield>
  </datafield>
  <datafield tag="700" ind1="1" ind2=" ">
   <subfield code="a">Messina, Angelina R.</subfield>
   <subfield code="e">joint author.</subfield>
  </datafield>
  <datafield tag="710" ind1="2" ind2=" ">
   <subfield code="a">American Museum of Natural History.</subfield>
   <subfield code="b">Dept. of Micropaleontology.</subfield>
  </datafield>
  <datafield tag="852" ind1="0" ind2=" ">
   <subfield code="a">UPD</subfield>
   <subfield code="b">DGEO</subfield>
   <subfield code="h">QE772</subfield>
   <subfield code="i">.E44</subfield>
  </datafield>
  <datafield tag="942" ind1=" " ind2=" ">
   <subfield code="a">Book</subfield>
  </datafield>
 </record>
</collection>
